000 00442nam a2200181Ia 4500
003 GCL
008 140319s9999 xx 000 0 eng d
040 _aGCL /
_cGCL
082 0 4 _a759.4
_bP D
100 1 _aPRADEL, JEAN LOUIS
245 1 0 _aLA PEINTURE FRANCAISE /
_cPRADEL, JEAN LOUIS
260 _a[S.N] :
_bLE ROBERT ،
_c1983
300 _a279 PP
650 0 4 _aARTS
650 0 4 _aPAINTING
650 0 4 _aART, FRANCE
942 _2ddc
_cBK
999 _c18935
_d18935